| 000 | 00416nam a2200193Ia 4500 | ||
|---|---|---|---|
| 001 | 11771 | ||
| 003 | GE_BSU | ||
| 008 | 181216s||||||||xx |||||||||||||| ||und|| | ||
| 020 | _a9780140119701 | ||
| 040 | _cGE_BSU | ||
| 100 | _aJameson,Derek | ||
| 245 | _aTouched By Angels | ||
| 260 | _aLondon | ||
| 260 | _bPenguin Books | ||
| 260 | _c1989 | ||
| 300 | _a281p.18cm. | ||
| 653 | _aTouched By Angels | ||
| 942 | _cBK | ||
| 999 |
_c44950 _d44950 |
||